Turkish Policy Quarterly (Record no. 11481)

MARC details
000 -BAŞLIK
Sabit Uzunlukta Kontrol Alanı 01182na a2200313 4500
001 - KONTROL NUMARASI
Denetim Alanı 22123
003 - KONTROL NUMARASI IDENTIFIER
Denetim Alanı MIRAKIL
005 - SON İŞLEM TARİHİ VE ZAMANI
Denetim Alanı 20181226092845.0
008 - SABİT-BOY VERİ ELEMANLARI - GENEL BİLGİLER
Sabit Uzunlukta Kontrol Alanı 170210b tu n0 0 0
035 ## - SİSTEM KONTROL NUMARASI
Sistem Kontrol Numarası 20919
040 ## - KATALOGLAMA KAYNAK
Orijinal Kataloglama Ajansı Milas
Kataloglama Dili tur
Metne Dönüştürmek Ajansı TR-AnCHP
041 ## - DİL KODU
Metin / Ses Parça Veya Ayrı Başlığın Dil Kodu eng
090 ## - SINIFLAMA NUMARASI
Sınıflama Numarası 050 DER 83
222 ## - ANAHTAR ADI
Anahtar Başlık Turkish policy quarterly
245 ## - BAŞLIK TABLOSU
Başlık Turkish Policy Quarterly
Başlığın Kalan Aylık bilimsel siyasi dergi
Sorumluluk Tablosu, Vb [yayınlayan] Plato Danışmanlık
246 ## - UNVAN FORM VARYING
Başlık Doğru / Kısa Başlığı Turkish policy quarterly dergi
246 ## - UNVAN FORM VARYING
Başlık Doğru / Kısa Başlığı TPQ
260 ## - YAYIN, DAĞITIM, VB
Yayın, Dağıtım, Vb Yeri İstanbul
Yayıncı, Dağıtıcı, Vs Adı Arı Toplumsal Katılım ve Gelişim Vakfı
Yayın, Dağıtım, Vb Tarihi 2002-
300 ## - FİZİKSEL TANIM
Kapsam c.
Diğer Fiziksel Ayrıntıları tbl. ; grf.
Boyutlar 23 sm.
362 ## - YAYIN VE / VEYA SIRALI GÖREVLENDİRİLMESİNE TARİHLERİ
Yayın Ve / Veya Ardışık Kullanım Amacı Tarihleri Vol. 1, no. 1 (spring 2002)-
500 ## - GENEL NOT
Genel Not Mevcut sayılar: Winter 2002; (4) Winter 2009/10; (4) Winter 2010/11; (4) Winter 2012; (2) Summer 2013; (3) Fall 2013; (2) Summer 2014; (1) Spring 2015; (2) Summer 2015
650 ## - KONU KATMA GİRİŞ - TOPİKAL DÖNEM
Topikal Süreli Veya Coğrafi Ad Giriş Elemanı Uluslararası ilişkiler
Form Alt Bölümü Süreli yayınlar
651 ## - KONU KATMA GİRİŞ - COĞRAFİ ADI
Coğrafi İsim Türkiye
Form Alt Bölümü Süreli yayınlar
Genel Alt Bölümü Dış ilişkiler
Kronolojik Alt Bölümü 1980-
651 ## - KONU KATMA GİRİŞ - COĞRAFİ ADI
Coğrafi İsim Türkiye
Form Alt Bölümü Süreli yayınlar
Genel Alt Bölümü Siyaset ve yönetim
Kronolojik Alt Bölümü 1980-
710 ## - KATMA GİRİŞ - KURUMSAL ADI
Giriş Elemanı Olarak Kurumsal Ad Veya Yargı Alanı Adı Arı Toplumsal Katılım ve Gelişim Vakfı
910 ## - KULLANICI SEÇENEK, VERİLERİN (OCLC)
Kullanıcı Seçenek Veri DERGİ 83
942 ## - EKLENDİ GİRİŞ ELEMANLARI (KOHA)
Sınıflandırma Veya Raf Düzeni Kaynak Dewey Decimal Classification
Koha Öğesi Türü Serials
999 ## - SİSTEM KONTROL NUMARALARI (KOHA)
Koha Biblionumber 11481
Koha Biblioitemnumber 11481
310 ## - MEVCUT YAYIN FREKANSI
Güncel Yayın Frekansı 3 aylık
Holdings
Kullanım Kısıtlamaları Kalıcı Konum Mevcut Konum Edinme Tarihi Kodlu Konum Eleme Toplam Check-Out'Lar Tam Çağrı Numarası Barkod Tarih Son Görülme İtibaren Geçerli Fiyatlar Sigara Kamu Notu Koha Öğesi Türü
Kütüphane dışına çıkarılamaz CHP Kütüphanesi CHP Kütüphanesi 02/10/2017 SÜRELİ YAYINLAR   050 DER 84 D083 02/10/2017 02/10/2017 Serials